000 00721nam a2200289Ia 4500
005 20260324143739.0
008 008 260324s9999 xx 000 0 eng d
020 _a9780429044618
037 _aEBOOK
040 _aCRL
040 _beng
040 _cCRL
041 _2eng
041 _aeng
084 _qCRL
100 _aShahid M. Shahidullah
_91046450
245 0 _aCapacity-building In Science And Technology In The Third World
245 0 _bProblems, Issues, And Strategies
260 _bTaylor and Francis
260 _c1991
365 _a
365 _b230
856 _uhttp://www.taylorfrancis.com/books/9780429044618
942 _cEBOOK
999 _c1822547
_d1822547